[Event "London CSC op U2000 7th"]
[Site "London"]
[Date "2015.12.08"]
[Round "2"]
[White "Landau, Jonathan"]
[Black "Apaza, Jorge R"]
[Result "1/2-1/2"]
[WhiteElo "1960"]
[BlackElo "1375"]
[PlyCount "123"]
[EventDate "2015.12.07"]
[EventType "swiss"]
[EventRounds "9"]
[EventCountry "ENG"]
[SourceTitle "CBM 170 Extra"]
[Source "ChessBase"]
[SourceDate "2016.02.25"]
[SourceVersion "1"]
[SourceVersionDate "2016.02.25"]
[SourceQuality "1"]

1. e4 c5 2. Nc3 Nc6 3. f4 d6 4. Nf3 g6 5. Bb5 Bg7 6. Bxc6+ bxc6 7. 0-0 Bg4 8. h3 Bc8 9. d3 Rb8 10. Na4 Nf6 11. c4 Nd7 12. Rb1 Nf8 13. Be3 Ne6 14. e5 f5 15. d4 cxd4 16. Nxd4 Nxd4 17. Bxd4 c5 18. Bc3 Bb7 19. exd6 Bxc3 20. d7+ Qxd7 21. Qxd7+ Kxd7 22. Nxc3 Bc6 23. Rfe1 e6 24. Re5 g5 25. Rd1+ Kc7 26. b3 Rbd8 27. Rxd8 Rxd8 28. Rxe6 gxf4 29. Re7+ Kd6 30. Rxh7 Ke5 31. Re7+ Kd6 32. Rxa7 Rg8 33. Nd5 f3 34. g4 fxg4 35. Nf6 f2+ 36. Kf1 Rf8 37. Nd5 gxh3 38. Rh7 Bxd5 39. cxd5 Rf3 40. Rh5 Kd7 41. Rh6 Kc7 42. Rh7+ Kd6 43. Rh5 Rd3 44. Kxf2 Rd2+ 45. Ke3 Rxa2 46. Rxh3 Kxd5 47. Kd3 Kc6 48. Kc4 Rc2+ 49. Kd3 Rc1 50. Kd2 Rg1 51. Rh4 Kb5 52. Kc3 Rg5 53. Rc4 Rg1 54. Kb2 Rd1 55. Kc2 Rg1 56. Rh4 Rg2+ 57. Kc3 Rg6 58. Rf4 Rg3+ 59. Kb2 Rg2+ 60. Kc3 Rg7 61. Kb2 Rd7 62. Kc3 1/2-1/2

[Event "Hampstead op U2200 09"]
[Site "Hampstead"]
[Date "2013.09.29"]
[Round "5"]
[White "Haddock, Paul"]
[Black "Landau, Jonathan"]
[Result "1/2-1/2"]
[WhiteElo "1675"]
[BlackElo "1956"]
[PlyCount "131"]
[EventDate "2013.09.28"]
[EventType "swiss"]
[EventRounds "5"]
[EventCountry "ENG"]
[SourceTitle "EXT 2015"]
[Source "ChessBase"]
[SourceDate "2014.11.20"]
[SourceVersion "1"]
[SourceVersionDate "2014.11.20"]
[SourceQuality "1"]

1. e4 e5 2. Nf3 Nc6 3. Bc4 Nf6 4. d3 Be7 5. 0-0 0-0 6. Nc3 d6 7. h3 Na5 8. Bb3 Nxb3 9. axb3 c6 10. Bg5 h6 11. Be3 a6 12. d4 Qc7 13. dxe5 dxe5 14. Qe2 Be6 15. Rfd1 Rfd8 16. Rxd8+ Rxd8 17. Rd1 Nd7 18. Rd2 Bb4 19. Qd1 Re8 20. Nh2 Nf6 21. Qf3 Kh7 22. Ng4 Nxg4 23. hxg4 g6 24. Rd1 Rd8 25. Re1 Qe7 26. g3 Kg7 27. Kg2 Bxc3 28. bxc3 g5 29. Qe2 Qd7 30. f3 Qc7 31. Qf2 Qd6 32. Qe2 Rd7 33. c4 Qb4 34. Rd1 Qc3 35. Rxd7 Bxd7 36. Qd3 Qxd3 37. cxd3 Kg6 38. d4 exd4 39. Bxd4 h5 40. gxh5+ Kxh5 41. b4 Be6 42. c5 Bc4 43. Kf2 Kg6 44. f4 gxf4 45. gxf4 f5 46. e5 Kf7 47. Ke3 Ke6 48. Bc3 Kd5 49. Bd2 Bf1 50. Bc3 Bh3 51. Bd2 Bg4 52. Bc3 Bh5 53. Kd3 Bf7 54. Bd2 a5 55. bxa5 Kxc5 56. Bc3 Bc4+ 57. Ke3 Bd5 58. Bd2 Kc4 59. Be1 c5 60. Bd2 Be6 61. Be1 Kb3 62. Bd2 Kc2 63. Be1 Kd1 64. Bc3 Kc2 65. Be1 Kb3 66. Bd2 1/2-1/2

[Event "Hampstead op U2200 09"]
[Site "Hampstead"]
[Date "2013.09.28"]
[Round "1"]
[White "Verma, Aditya"]
[Black "Landau, Jonathan"]
[Result "0-1"]
[WhiteElo "1647"]
[BlackElo "1956"]
[PlyCount "72"]
[EventDate "2013.09.28"]
[EventType "swiss"]
[EventRounds "5"]
[EventCountry "ENG"]
[SourceTitle "EXT 2015"]
[Source "ChessBase"]
[SourceDate "2014.11.20"]
[SourceVersion "1"]
[SourceVersionDate "2014.11.20"]
[SourceQuality "1"]

1. e4 e5 2. Nc3 Nc6 3. Bc4 Nf6 4. d3 Na5 5. Bb3 Nxb3 6. axb3 c6 7. f4 d6 8. Nf3 Qc7 9. 0-0 Be7 10. Kh1 0-0 11. h3 Nh5 12. Kh2 Nxf4 13. Bxf4 exf4 14. Ne2 g5 15. Nfd4 Bd7 16. Nc3 Bf6 17. Nf3 h6 18. Nd2 Bg7 19. Qh5 a6 20. Kh1 Rae8 21. h4 f6 22. Rae1 Re5 23. d4 Be8 24. Qg4 h5 25. Qf3 Re6 26. Nc4 Bh6 27. d5 Re7 28. Rd1 c5 29. g3 g4 30. Qf2 b5 31. Nd2 b4 32. Ncb1 f3 33. Nc4 Rxe4 34. Rfe1 Bg6 35. Rxe4 Bxe4 36. Re1 Bxd5 0-1

[Event "London op Congress August"]
[Site "London"]
[Date "2013.08.26"]
[Round "5"]
[White "Galan Fernandez, Felix"]
[Black "Landau, Jonathan"]
[Result "0-1"]
[WhiteElo "2000"]
[BlackElo "1924"]
[PlyCount "76"]
[EventDate "2013.08.24"]
[EventType "swiss"]
[EventRounds "6"]
[EventCountry "ENG"]
[SourceTitle "EXT 2023"]
[Source "ChessBase"]
[SourceDate "2022.10.05"]
[SourceVersion "1"]
[SourceVersionDate "2022.10.05"]
[SourceQuality "1"]

1. e4 e5 2. Nf3 Nc6 3. Bb5 f5 4. d3 fxe4 5. dxe4 Nf6 6. Bg5 Bb4+ 7. c3 Bc5 8. 0-0 d6 9. h3 0-0 10. Bc4+ Kh8 11. b4 Bb6 12. a4 a5 13. b5 Ne7 14. Qe2 Qe8 15. Bxf6 Rxf6 16. Nbd2 Qh5 17. Nh2 Qg6 18. Kh1 Bd7 19. Ndf3 Raf8 20. Rad1 Qh5 21. Rd3 Ng6 22. g4 Nf4 23. gxh5 Nxe2 24. Nxe5 Be8 25. Neg4 Rf4 26. h6 gxh6 27. Rd2 Nxc3 28. f3 h5 29. Nh6 Nxa4 30. Rg2 Bg6 31. Rd1 Nc5 32. Rd5 Nxe4 33. fxe4 Bxe4 34. Rdg5 Bxg2+ 35. Kxg2 Rxc4 36. Nf3 Be3 37. Rxh5 Bxh6 38. Rxh6 Rc2+ 0-1

[Event "London op Congress August"]
[Site "London"]
[Date "2013.08.25"]
[Round "4"]
[White "Landau, Jonathan"]
[Black "Nayak, Raghav"]
[Result "1-0"]
[WhiteElo "1924"]
[BlackElo "1693"]
[PlyCount "77"]
[EventDate "2013.08.24"]
[EventType "swiss"]
[EventRounds "6"]
[EventCountry "ENG"]
[SourceTitle "EXT 2023"]
[Source "ChessBase"]
[SourceDate "2022.10.05"]
[SourceVersion "1"]
[SourceVersionDate "2022.10.05"]
[SourceQuality "1"]

1. e4 c5 2. Nf3 e6 3. d4 cxd4 4. Nxd4 Nc6 5. Nb5 d6 6. Bf4 e5 7. Be3 a6 8. N5c3 Nf6 9. Nd5 Nxd5 10. exd5 Ne7 11. c4 Nf5 12. Bd2 Be7 13. Bd3 Qc7 14. 0-0 h6 15. Nc3 0-0 16. Re1 Rb8 17. Rc1 Bd7 18. Ne2 Rfc8 19. Qc2 g6 20. Ng3 Nxg3 21. Bxg6 fxg6 22. Qxg6+ Kh8 23. Qxh6+ Kg8 24. Qg6+ Kh8 25. hxg3 Qd8 26. Qh5+ Kg8 27. Qg6+ Kh8 28. f4 Qg8 29. Qh6+ Qh7 30. Qxh7+ Kxh7 31. fxe5 dxe5 32. Rxe5 Bf6 33. Rh5+ Kg8 34. Rf1 Bxb2 35. Rg5+ Kh8 36. Rf4 Bf5 37. Rgxf5 Rg8 38. Rh5+ Kg7 39. Rg5+ 1-0

[Event "Hampstead op U2200 07"]
[Site "Hampstead"]
[Date "2013.07.20"]
[Round "1"]
[White "Nayak, Raghav"]
[Black "Landau, Jonathan"]
[Result "1/2-1/2"]
[WhiteElo "1602"]
[BlackElo "1922"]
[PlyCount "49"]
[EventDate "2013.07.20"]
[EventType "swiss"]
[EventRounds "5"]
[EventCountry "ENG"]
[SourceTitle "EXT 2023"]
[Source "ChessBase"]
[SourceDate "2022.10.05"]
[SourceVersion "1"]
[SourceVersionDate "2022.10.05"]
[SourceQuality "1"]

1. e4 e5 2. Nf3 Nc6 3. Bb5 f5 4. d3 fxe4 5. dxe4 Nf6 6. Nc3 Bc5 7. 0-0 d6 8. a4 0-0 9. h3 Nd4 10. Bc4+ Kh8 11. Be3 c6 12. Nxd4 exd4 13. Bxd4 Qb6 14. Bxc5 Qxc5 15. Bb3 Nh5 16. Ne2 Qg5 17. Qc1 Qg6 18. Qe3 d5 19. exd5 Bd7 20. Qd3 Bf5 21. Qc3 Be4 22. f3 Bxd5 23. Bxd5 cxd5 24. Qd3 Qxd3 25. cxd3 1/2-1/2

[Event "Hampstead op U2200 06"]
[Site "Hampstead"]
[Date "2013.06.29"]
[Round "2"]
[White "Landau, Jonathan"]
[Black "Ronka, Erik"]
[Result "0-1"]
[WhiteElo "1922"]
[BlackElo "2117"]
[PlyCount "92"]
[EventDate "2013.06.29"]
[EventType "swiss"]
[EventRounds "5"]
[EventCountry "ENG"]
[SourceTitle "EXT 2014"]
[Source "ChessBase"]
[SourceDate "2013.11.20"]
[SourceVersion "1"]
[SourceVersionDate "2013.11.20"]
[SourceQuality "1"]

1. e4 c6 2. Nc3 d5 3. Qf3 e6 4. d4 Nf6 5. exd5 cxd5 6. Bb5+ Bd7 7. Bxd7+ Nbxd7 8. Nge2 Bd6 9. Bf4 Nb6 10. Nb5 Bxf4 11. Qxf4 0-0 12. Qd6 a6 13. Qxd8 Rfxd8 14. Na3 Rac8 15. f3 Na4 16. b3 Nc3 17. Nxc3 Rxc3 18. Kd2 Rc6 19. Rhe1 Kf8 20. Re3 Ke7 21. Rc3 Rxc3 22. Kxc3 Kd6 23. Re1 g5 24. Re5 Rg8 25. g4 h5 26. h3 hxg4 27. hxg4 b5 28. Nb1 Ne4+ 29. fxe4 f6 30. exd5 fxe5 31. dxe6 Kxe6 32. Nd2 Kd5 33. Kd3 exd4 34. Nf3 Re8 35. Nxd4 b4 36. Nf3 Re4 37. Nxg5 Rxg4 38. Nf3 Rg3 39. Ke3 Rh3 40. Ke2 Rh1 41. Ne1 Kd4 42. Kd2 Rh2+ 43. Kd1 Kc3 44. Nd3 Rd2+ 45. Ke1 Rxc2 46. Nc5 Rxa2 0-1

[Event "Hampstead op U2200 05"]
[Site "Hampstead"]
[Date "2013.05.18"]
[Round "1"]
[White "Landau, Jonathan"]
[Black "Sloan, Cecil"]
[Result "1-0"]
[WhiteElo "2026"]
[BlackElo "1703"]
[PlyCount "109"]
[EventDate "2013.05.18"]
[EventType "swiss"]
[EventRounds "5"]
[EventCountry "ENG"]
[SourceTitle "EXT 2014"]
[Source "ChessBase"]
[SourceDate "2013.11.20"]
[SourceVersion "1"]
[SourceVersionDate "2013.11.20"]
[SourceQuality "1"]

1. e4 c5 2. Nf3 g6 3. c3 Bg7 4. d4 cxd4 5. cxd4 d5 6. exd5 Nf6 7. Bb5+ Bd7 8. Bc4 0-0 9. Nc3 b5 10. Bxb5 Bxb5 11. Nxb5 Qa5+ 12. Nc3 Nxd5 13. Bd2 Nxc3 14. Bxc3 Qd5 15. 0-0 Nd7 16. Re1 e6 17. Qb3 Nb6 18. Ne5 Bxe5 19. Rxe5 Qxb3 20. axb3 Nd5 21. Ree1 Rfb8 22. Ra3 Rb7 23. Rea1 Rab8 24. b4 Nxb4 25. Rxa7 Rxa7 26. Rxa7 Nd5 27. Kf1 Rc8 28. Ra3 Kg7 29. Ke2 Kf6 30. g3 h5 31. Kd3 Kf5 32. h3 Kf6 33. b4 Rb8 34. Rb3 Ke7 35. b5 Kd7 36. Bd2 Nc7 37. Kc4 Nd5 38. Kd3 Nc7 39. b6 Nd5 40. Ba5 Rb7 41. Ke4 Kd6 42. Bb4+ Kd7 43. Bc5 f6 44. g4 hxg4 45. hxg4 Kc6 46. g5 fxg5 47. Ke5 Kd7 48. Rh3 Kc6 49. Rb3 Kd7 50. Rf3 Kc6 51. Kxe6 Nxb6 52. Rb3 Na4 53. Rxb7 Nxc5+ 54. dxc5 Kxb7 55. Kd7 1-0

[Event "Hampstead op U2200 04"]
[Site "Hampstead"]
[Date "2013.04.21"]
[Round "4"]
[White "Landau, Jonathan"]
[Black "McCarthy, Damian"]
[Result "0-1"]
[WhiteElo "2026"]
[BlackElo "1885"]
[PlyCount "108"]
[EventDate "2013.04.20"]
[EventType "swiss"]
[EventRounds "5"]
[EventCountry "ENG"]
[SourceTitle "EXT 2014"]
[Source "ChessBase"]
[SourceDate "2013.11.20"]
[SourceVersion "1"]
[SourceVersionDate "2013.11.20"]
[SourceQuality "1"]

1. e4 c5 2. Nf3 g6 3. c3 Bg7 4. d4 cxd4 5. cxd4 d5 6. exd5 Nf6 7. Bb5+ Bd7 8. Bc4 b5 9. Bb3 0-0 10. 0-0 Bc8 11. Qe2 a6 12. Re1 Ra7 13. Bf4 Bf5 14. Bxb8 Qxb8 15. Ne5 Qd6 16. Nc6 Rc7 17. Nc3 Re8 18. Qf3 Bg4 19. Qg3 Qxg3 20. hxg3 Kf8 21. Ne5 Rcc8 22. d6 exd6 23. Nxf7 Rxe1+ 24. Rxe1 Rc7 25. Ng5 Re7 26. Ne6+ Bxe6 27. Bxe6 b4 28. Na4 Nd5 29. Kf1 Nc7 30. d5 Nxe6 31. dxe6 Bd4 32. Re4 Bc5 33. g4 Kg7 34. f4 Kf6 35. Nxc5 dxc5 36. Ke2 Rxe6 37. Rxe6+ Kxe6 38. Kd3 Kd5 39. b3 h5 40. gxh5 gxh5 41. Ke3 a5 42. g3 c4 43. bxc4+ Kxc4 44. Ke4 a4 45. Ke3 Kc3 46. f5 b3 47. axb3 axb3 48. f6 b2 49. f7 b1Q 50. f8Q Qe1+ 51. Kf4 Qf2+ 52. Kg5 Qxf8 53. Kxh5 Qh8+ 54. Kg4 Kd4 0-1